000
00253nam a2200109Ia 4500
005
20251222143221.0
008
251222s9999||||xx |||||||||||||| ||spa||
082
_a
985.26/C76/T.I/V.I
245
0
_a
Historia del Callao
264
_b
CONCYTEC
942
_c
LIB
999
_c
13824
_d
13824